Statistics for Yeat Studio Albums All Songs

Click here to take the quiz!

General Stats

  • This quiz has been taken 21 times
  • The average score is 30 of 74

Answer Stats

HintAnswer% Correct
Up 2 Memoney so big
79%
Lyfeflawless
74%
4Lsorry bout that
68%
Lyfetalk
68%
Up 2 Meget busy
63%
Up 2 Melying 4 fun
63%
Up 2 Memorning mudd
63%
Lyfeout the way
63%
Up 2 Meturban
63%
Up 2 Megot rich
58%
2 Alivepoppin
58%
Up 2 Metwizzy rich
58%
Lyfecome on
47%
Up 2 Medeserve it
47%
2 Alivedouble
47%
Up 2 Mekant change
47%
2 Aliveon tha line
47%
2 Alivestill countin
47%
Lyfesystem
47%
4Lteslas and rovers
47%
Up 2 Metrendy way
47%
Up 2 Meu could tell
47%
4Lbig stonez
42%
Up 2 Mecmon
42%
Lyfekrank
42%
2 Aliverackz got me
42%
Up 2 Merokstar
42%
2 Alivetaliban
42%
Up 2 Metold ya
42%
Lyfeup off x
42%
Up 2 Meyaya
42%
Up 2 Mecallin me
37%
2 Alivecall me
37%
Lyfecant stop it
37%
4Lforeally
37%
Lyfegot it all
37%
Lyfeholy 1
37%
2 Alivejus better
37%
2 Alivekant die
37%
Lyfekillin em
37%
Up 2 Melet ya know
37%
2 Alivenarcoticz
37%
2 Alivenvr again
37%
4Loff tha lot
37%
4Lswerved it
37%
Up 2 Meswerved it
37%
Lyfewat it feel lyke
37%
Up 2 Mebak on em
32%
Up 2 Mefactz
32%
2 Alivegeek high
32%
Up 2 Mehey
32%
2 Alivejump
32%
4Ljus wokeup
32%
2 Aliveluh geek
32%
2 Aliveoutside
32%
2 Alivereal six
32%
2 Aliverollin
32%
2 Alivesmooktober
32%
Up 2 Mestayed tha same
32%
4Ltrie 2 tell u outro
32%
4Lwtf
32%
4Lchanelly
26%
2 Alivednt lie
26%
4Lgoin back 2 ella
26%
2 Aliveluh m
26%
4Lmoney twerk
26%
4Lmountain climbers
26%
4Lprove sum
26%
4Lsidewayz
26%
4Ltalk 2 god
26%
4Lall i see
21%
4Lbed side
21%
4Llive hi
21%
4Lok kool
16%

Score Distribution

Percentile by Number Answered

Percent of People with Each Score

Your Score History

You have not taken this quiz